| 000 | 02029nam0a2200349 4500 | ||
|---|---|---|---|
| 001 | RU\NLR\bibl\1697508 | ||
| 005 | 20260405161210.0 | ||
| 010 |
_a978-5-7876-0148-0 _9150 |
||
| 021 |
_aRU _b2010-77920 _95192 |
||
| 035 | _a(nilc)RSL-KNO-004746525 | ||
| 035 | _a(NLR Aleph) 001688597 | ||
| 090 |
_a1146433 _c1146433 |
||
| 100 | _a20101019d2010 |||y0rusy50 ca | ||
| 101 | 0 | _arus | |
| 102 | _aRU | ||
| 105 | _aa ||||||||| | ||
| 200 | 1 |
_aОбработка простых типов данных средствами языков Pascal и C/C++ _eтеоретические основы и примеры _eучебное пособие для студентов информационных специальностей РНИ _fВ. П. Соловьев, Н. Н. Пуцко _gМосковский гос. ун-т путей сообщ. (МИИТ), Каф. "Информ. технологии" |
|
| 210 |
_aМосква _cМИИТ _d2010 |
||
| 215 |
_a94 с. _cил. _d21 |
||
| 606 | 1 |
_aPASCAL, язык программирования _jУчебные издания для высших учебных заведений _91182114 _3RU\NLR\auth\66475840 |
|
| 606 | 1 |
_aC, язык программирования _jУчебные издания для высших учебных заведений _91672093 _3RU\NLR\auth\661040545 |
|
| 606 | 1 |
_aC++, язык программирования _jУчебные издания для высших учебных заведений _92072018 _3RU\NLR\auth\661246828 |
|
| 686 |
_aЗ973.26-018.19C/C++,Pascal.я73-1 _2rubbk |
||
| 686 | _aЗ973.2-018.1я73-1 | ||
| 700 | 1 |
_4070 _7ca _8rus _aСоловьев _bВ. П. _cканд. техн. наук _gВладимир Павлович _949138 _3RU\NLR\auth\7766210 |
|
| 701 | 1 |
_4070 _7ca _8rus _aПуцко _bН. Н. _gНиколай Николаевич _950646 _3RU\NLR\auth\7767718 |
|
| 801 | 0 |
_aRU _bРГБ _c20101019 _grcr |
|
| 801 | 1 |
_aRU _bРГБ _c20101019 |
|
| 801 | 2 |
_aRU _bNLR _c20101111 _grcr |
|
| 942 | _cBOOK | ||
| 980 | _aNB | ||